[Event "Mississauga Spring op U2000"]
[Site "Mississauga"]
[Date "2019.03.23"]
[Round "1"]
[White "Liu, Harrison"]
[Black "Dela Torre, Marife"]
[Result "0-1"]
[WhiteElo "1756"]
[BlackElo "1920"]
[PlyCount "56"]
[EventDate "2019.03.23"]
[EventType "swiss"]
[EventRounds "5"]
[EventCountry "CAN"]
[SourceTitle "EXT 2022"]
[Source "ChessBase"]
[SourceDate "2021.10.06"]
[SourceVersion "1"]
[SourceVersionDate "2021.10.06"]
[SourceQuality "1"]

1. e4 e5 2. Nf3 Nc6 3. Bc4 Nf6 4. d3 Be7 5. c3 0-0 6. Bb3 d6 7. Nbd2 h6 8. Nf1 Re8 9. Ng3 a6 10. h3 Na5 11. Bc2 c5 12. d4 exd4 13. cxd4 cxd4 14. 0-0 Nc6 15. Nxd4 Bf8 16. Re1 Nxd4 17. Qxd4 d5 18. e5 Qc7 19. Re2 Bc5 20. Qd3 Ne4 21. Nxe4 dxe4 22. Qxe4 g6 23. g4 Bf8 24. Bf4 Be6 25. Rc1 Qb6 26. Ba4 Red8 27. Be3 Qa5 28. Rc5 Bxc5 0-1

[Event "CAN-ch U20 op"]
[Site "Toronto"]
[Date "2018.08.12"]
[Round "8.9"]
[White "Liu, Harrison"]
[Black "Qiao, Joey"]
[Result "1/2-1/2"]
[WhiteElo "1787"]
[BlackElo "1742"]
[PlyCount "63"]
[EventDate "2018.08.08"]
[EventType "swiss"]
[EventRounds "9"]
[EventCountry "CAN"]
[SourceTitle "EXT 2022"]
[Source "ChessBase"]
[SourceDate "2021.10.06"]
[SourceVersion "1"]
[SourceVersionDate "2021.10.06"]
[SourceQuality "1"]

1. e4 e5 2. Nf3 Nc6 3. Bb5 a6 4. Ba4 Nf6 5. 0-0 Be7 6. d4 exd4 7. e5 Nd5 8. c3 0-0 9. cxd4 d6 10. h3 Na7 11. Bb3 Be6 12. exd6 Qxd6 13. Ng5 Bxg5 14. Bxg5 Nb6 15. Be3 Bxb3 16. Qxb3 Nc6 17. Rd1 Rfd8 18. Nc3 Na5 19. Qc2 Qc6 20. Rac1 Nac4 21. Bf4 Nd6 22. b3 Rac8 23. a4 Nd5 24. Nxd5 Qxd5 25. Qc5 Qe6 26. Re1 Qd7 27. Rc3 h6 28. Rce3 b6 29. Qc3 Re8 30. Rxe8+ Rxe8 31. Rxe8+ Nxe8 32. Qc4 1/2-1/2

[Event "CAN-ch U20 op"]
[Site "Toronto"]
[Date "2018.08.12"]
[Round "9.8"]
[White "Zhao, Jeffrey R"]
[Black "Liu, Harrison"]
[Result "0-1"]
[WhiteElo "2017"]
[BlackElo "1787"]
[PlyCount "74"]
[EventDate "2018.08.08"]
[EventType "swiss"]
[EventRounds "9"]
[EventCountry "CAN"]
[SourceTitle "EXT 2022"]
[Source "ChessBase"]
[SourceDate "2021.10.06"]
[SourceVersion "1"]
[SourceVersionDate "2021.10.06"]
[SourceQuality "1"]

1. e4 c5 2. Nf3 d6 3. d4 cxd4 4. Qxd4 Nc6 5. Bb5 Bd7 6. Bxc6 Bxc6 7. Nc3 Nf6 8. Bg5 Qb6 9. 0-0-0 Qxd4 10. Nxd4 Nxe4 11. Nxe4 Bxe4 12. Rhe1 Bg6 13. Nb5 Kd7 14. c4 a6 15. Nc3 Rc8 16. Rd4 f6 17. Bh4 Bf7 18. b3 b5 19. Nd5 Bxd5 20. Rxd5 bxc4 21. Kb2 cxb3 22. axb3 Rc6 23. Ra5 Kc7 24. Rc1 Rxc1 25. Kxc1 Kb6 26. Ra1 e5 27. Kc2 Be7 28. Kd3 d5 29. Re1 Bc5 30. f3 Rc8 31. Rc1 Rc6 32. Be1 Bg1 33. Ba5+ Kb5 34. Rxc6 Kxc6 35. Bb4 f5 36. h3 e4+ 37. fxe4 fxe4+ 0-1

[Event "CAN-ch U20 op"]
[Site "Toronto"]
[Date "2018.08.10"]
[Round "5.10"]
[White "Liu, Harrison"]
[Black "Li, Kevin"]
[Result "0-1"]
[WhiteElo "1787"]
[BlackElo "1706"]
[PlyCount "48"]
[EventDate "2018.08.08"]
[EventType "swiss"]
[EventRounds "9"]
[EventCountry "CAN"]
[SourceTitle "EXT 2022"]
[Source "ChessBase"]
[SourceDate "2021.10.06"]
[SourceVersion "1"]
[SourceVersionDate "2021.10.06"]
[SourceQuality "1"]

1. e4 c5 2. Ne2 d6 3. g3 Nf6 4. Bg2 Nc6 5. c3 e6 6. d4 d5 7. exd5 exd5 8. 0-0 h6 9. h3 cxd4 10. cxd4 Bd6 11. Nbc3 0-0 12. Be3 Ne7 13. Bf4 Ng6 14. Bxd6 Qxd6 15. Qb3 Be6 16. Rac1 Qd7 17. Nb5 Bxh3 18. Rc7 Qe6 19. Nc1 Bxg2 20. Kxg2 Ne4 21. Re1 Qg4 22. Kh2 Nd2 23. Qd1 Nf3+ 24. Kg2 Nf4+ 0-1

[Event "CAN-ch U14"]
[Site "Quebec"]
[Date "2018.07.02"]
[Round "3.33"]
[White "Liu, Harrison"]
[Black "Makarczyk, David"]
[Result "1/2-1/2"]
[WhiteElo "1828"]
[BlackElo "1582"]
[PlyCount "41"]
[EventDate "2018.07.02"]
[EventType "swiss"]
[EventRounds "7"]
[EventCountry "CAN"]
[SourceTitle "EXT 2022"]
[Source "ChessBase"]
[SourceDate "2021.10.06"]
[SourceVersion "1"]
[SourceVersionDate "2021.10.06"]
[SourceQuality "1"]

1. e4 c5 2. Ne2 Nc6 3. d4 cxd4 4. Nxd4 e5 5. Nb3 d6 6. Nc3 Nf6 7. f3 Be6 8. Nd5 Rc8 9. Be3 Be7 10. Nxf6+ Bxf6 11. Qd2 d5 12. Nc5 d4 13. Nxe6 dxe3 14. Qxd8+ Nxd8 15. Nxd8 Bxd8 16. 0-0-0 0-0 17. Rd5 f6 18. Be2 Bb6 19. c3 Rf7 20. Rhd1 Rfc7 21. Kb1 1/2-1/2

[Event "Mississauga Goldon Horseshoe op U2000"]
[Site "Mississauga"]
[Date "2018.06.03"]
[Round "5.7"]
[White "Liu, Harrison"]
[Black "Ran, Xiaoyu"]
[Result "1/2-1/2"]
[WhiteElo "1839"]
[BlackElo "1655"]
[PlyCount "109"]
[EventDate "2018.06.02"]
[EventType "swiss"]
[EventRounds "5"]
[EventCountry "CAN"]
[SourceTitle "EXT 2022"]
[Source "ChessBase"]
[SourceDate "2021.10.06"]
[SourceVersion "1"]
[SourceVersionDate "2021.10.06"]
[SourceQuality "1"]

1. e4 e5 2. Nf3 Nc6 3. Bb5 a6 4. Ba4 Nf6 5. 0-0 b5 6. Bb3 Bc5 7. c3 Bb6 8. d4 Qe7 9. Bg5 h6 10. Bh4 0-0 11. Bd5 g5 12. dxe5 Nxd5 13. exd5 Nxe5 14. Bg3 d6 15. Nxe5 dxe5 16. Qe2 f6 17. c4 Bb7 18. Nc3 Qc5 19. b3 Qd6 20. Rac1 bxc4 21. bxc4 Qe7 22. Rfd1 Rad8 23. Na4 Bd4 24. Rxd4 Qa3 25. Rdd1 Qxa4 26. Rb1 Ba8 27. Rb3 Rb8 28. Rdb1 Rxb3 29. Rxb3 Rd8 30. Qd3 Qe8 31. h4 Kg7 32. hxg5 hxg5 33. Qe3 Qh5 34. f3 c6 35. Qb6 Qe8 36. dxc6 Bxc6 37. Qa7+ Qd7 38. Bf2 Kg6 39. Qxd7 Bxd7 40. Rb6 Rc8 41. Rd6 Be8 42. c5 Bb5 43. Be3 Kf7 44. Kf2 Ke7 45. Ke1 Rc6 46. Rd2 Ke6 47. Kd1 Ke7 48. Kc2 Rc7 49. Kb3 Rd7 50. Kb4 Rxd2 51. Bxd2 Bf1 52. g3 Bb5 53. a4 Bc6 54. Ka5 Kd7 55. f4 1/2-1/2

[Event "Aurora Spring op U2000"]
[Site "Aurora"]
[Date "2018.03.24"]
[Round "1.4"]
[White "Liu, Harrison"]
[Black "Zarezadegan, Fariborz"]
[Result "1-0"]
[WhiteElo "1797"]
[BlackElo "1663"]
[PlyCount "55"]
[EventDate "2018.03.24"]
[EventType "swiss"]
[EventRounds "5"]
[EventCountry "CAN"]
[SourceTitle "EXT 2022"]
[Source "ChessBase"]
[SourceDate "2021.10.06"]
[SourceVersion "1"]
[SourceVersionDate "2021.10.06"]
[SourceQuality "1"]

1. e4 e5 2. Nf3 Nc6 3. Bb5 a6 4. Ba4 b5 5. Bb3 Nf6 6. 0-0 Be7 7. Re1 0-0 8. c3 d5 9. exd5 Nxd5 10. Nxe5 Nxe5 11. Rxe5 c6 12. d3 Bd6 13. Bg5 Qc7 14. Re4 Bxh2+ 15. Kh1 Bf5 16. Rh4 Bg3 17. fxg3 Qxg3 18. Bxd5 Rae8 19. Be4 h6 20. Qh5 Bg6 21. Qg4 Qe1+ 22. Kh2 hxg5 23. Qxg5 Re5 24. Qg3 Rxe4 25. dxe4 Qc1 26. Qh3 f6 27. Rh8+ Kf7 28. Qd7# 1-0

[Event "CAN-ch U12"]
[Site "Windsor"]
[Date "2016.07.08"]
[Round "6.61"]
[White "Liu, Harrison"]
[Black "Shi, David"]
[Result "0-1"]
[WhiteElo "1676"]
[BlackElo "1302"]
[PlyCount "132"]
[EventDate "2016.07.05"]
[EventType "swiss"]
[EventRounds "7"]
[EventCountry "CAN"]
[SourceTitle "EXT 2022"]
[Source "ChessBase"]
[SourceDate "2021.10.06"]
[SourceVersion "1"]
[SourceVersionDate "2021.10.06"]
[SourceQuality "1"]

1. e4 c5 2. Nf3 d6 3. d4 cxd4 4. Nxd4 Nf6 5. Nc3 e6 6. Bd3 a6 7. h3 Be7 8. Be3 0-0 9. Qd2 Nc6 10. Nde2 Ne5 11. f4 Nxd3+ 12. cxd3 b5 13. g4 b4 14. Na4 Rb8 15. g5 Nh5 16. b3 d5 17. Nd4 Bd7 18. Qd1 g6 19. Ne2 Bxa4 20. bxa4 Qa5 21. Bd2 dxe4 22. Rg1 exd3 23. Ng3 Qc5 24. Rg2 Nxg3 25. Rxg3 Qc2 26. Qxc2 dxc2 27. Rc1 Rfc8 28. Rb3 Rc4 29. Ke2 Bd6 30. Kd3 Rbc8 31. Rb2 Bxf4 32. Bxf4 Rxf4 33. Rcxc2 Rxc2 34. Rxc2 Rf3+ 35. Ke4 Rxh3 36. Ke5 Rc3 37. Rb2 a5 38. Kf6 Rf3+ 39. Ke7 Kg7 40. Rc2 Rc3 41. Rf2 Rc7+ 42. Kd6 Rb7 43. Kc6 Re7 44. Kd6 Kf8 45. Rc2 Re8 46. Rc5 Rd8+ 47. Ke5 Rd2 48. Rxa5 Rxa2 49. Ra7 b3 50. Kf6 Rf2+ 51. Ke5 Rf5+ 52. Kd4 Rb5 53. axb5 b2 54. b6 b1Q 55. Kc5 Kg7 56. Kc6 Qe4+ 57. Kc7 Qe5+ 58. Kc8 Qc5+ 59. Kb7 e5 60. Ka6 Qc6 61. Rc7 Qa4+ 62. Kb7 e4 63. Kb8 Qe8+ 64. Rc8 Qe5+ 65. Rc7 e3 66. b7 e2 0-1

[Event "CAN-ch U12"]
[Site "Windsor"]
[Date "2016.07.07"]
[Round "5.60"]
[White "Makarczyk, David"]
[Black "Liu, Harrison"]
[Result "1-0"]
[WhiteElo "1215"]
[BlackElo "1676"]
[PlyCount "39"]
[EventDate "2016.07.05"]
[EventType "swiss"]
[EventRounds "7"]
[EventCountry "CAN"]
[SourceTitle "EXT 2022"]
[Source "ChessBase"]
[SourceDate "2021.10.06"]
[SourceVersion "1"]
[SourceVersionDate "2021.10.06"]
[SourceQuality "1"]

1. e4 e5 2. d4 exd4 3. Qxd4 Nc6 4. Qe3 Nf6 5. Nc3 Bb4 6. Bd2 0-0 7. 0-0-0 d6 8. f4 Re8 9. Bd3 a6 10. h3 Ba5 11. g4 Bxg4 12. hxg4 h6 13. g5 hxg5 14. fxg5 Nd7 15. Qh3 Kf8 16. Qh8+ Ke7 17. Nd5+ Ke6 18. Qh3+ Ke5 19. Bf4+ Kd4 20. Qe3# 1-0